Feminist thought: A more comprehensive introduction (Record no. 1678640)

MARC details
000 -LEADER
fixed length control field 01228nam a2200205 4500
005 - DATE AND TIME OF LATEST TRANSACTION
control field 20260424144401.0
008 - FIXED-LENGTH DATA ELEMENTS--GENERAL INFORMATION
fixed length control field 260204b |||||||| |||| 00| 0 eng d
020 ## - INTERNATIONAL STANDARD BOOK NUMBER
International Standard Book Number 9781041307723
037 ## - SOURCE OF ACQUISITION
Terms of availability Textual
040 ## - CATALOGING SOURCE
Original cataloging agency RTL
Transcribing agency RTL
084 ## - COLON CLASSIFICATION NUMBER
Assigning agency RTL
Classification number Y15 R4
100 ## - MAIN ENTRY--PERSONAL NAME
Personal name Tong, Rosemarie
9 (RLIN) 1113643
245 ## - TITLE STATEMENT
Title Feminist thought: A more comprehensive introduction
250 ## - EDITION STATEMENT
Edition statement 6th
260 ## - PUBLICATION, DISTRIBUTION, ETC.
Place of publication, distribution, etc. New York
Name of publisher, distributor, etc. Routledge
Date of publication, distribution, etc. 2024
300 ## - PHYSICAL DESCRIPTION
Extent x, 527 p.
Other physical details Includes bibliographical reference and index
520 ## - SUMMARY, ETC.
Summary, etc. A classic resource on feminist theory, this updated sixth edition of Feminist Thought: A More Comprehensive Introduction offers a clear, comprehensive, and incisive introduction to the major traditions of feminist theory. This new edition explores in detail the wide spectrum of feminist thought, from liberal feminism, radical feminism, Marxist and socialist feminisms, women-of-color feminisms, global, postcolonial, and transnational feminisms, to psychoanalytic feminism, care-focused and maternal-focused feminisms, to ecofeminism, existentialist, poststructural, and postmodern feminisms.
700 ## - ADDED ENTRY--PERSONAL NAME
Personal name Botts, Tina Fernandes
Relator term Co-author
9 (RLIN) 1113644
942 ## - ADDED ENTRY ELEMENTS (KOHA)
Source of classification or shelving scheme Colon Classification (CC)
Suppress in OPAC No
Koha item type Textual
Classification part Y15 R4
Holdings
Withdrawn status Lost status Source of classification or shelving scheme Damaged status Not for loan Home library Current library Date acquired Total Checkouts Full call number Barcode Date last seen Price effective from Koha item type
    Colon Classification (CC)     Ratan Tata Library Ratan Tata Library 2026-02-04   Y15 R4 RT1528696 2026-02-04 2026-02-04 Textual
Copyright @ Delhi University Library System